|
|
|
|
| LEADER |
00840nam a2200205 a 4500 |
| 001 |
15563974 |
| 008 |
101024s2010 bg s f000 0 eng d |
| 010 |
|
|
|a 2008324451
|
| 040 |
|
|
|a DLC
|c DLC
|d BD-DhAAL
|
| 082 |
0 |
0 |
|a 354.5492
|2 22
|
| 245 |
0 |
0 |
|a Medium-term budget framework, 2010-11 to 2012-13.
|
| 260 |
|
|
|a Dhaka :
|b Ministry of Finance, Finance Division, Govt. of the People's Republic of Bangladesh,
|c 2010
|
| 300 |
|
|
|a 889 p. ;
|c 28 cm.
|
| 541 |
1 |
|
|e 00021379
|
| 650 |
|
0 |
|a Budget
|z Bangladesh
|x Departments.
|
| 651 |
|
0 |
|a Bangladesh
|x Appropriations and expenditures.
|
| 710 |
1 |
|
|a Bangladesh.
|b Artha Mantraṇālaẏa.
|
| 852 |
4 |
|
|a Ayesha Abed Library
|j General shelf
|
| 999 |
|
|
|c 9860
|d 9860
|
| 952 |
|
|
|0 0
|1 0
|2 ddc
|4 0
|6 354_549200000000000_MED_2010
|7 0
|9 12661
|a BRACUL
|b BRACUL
|c GEN
|d 2010-10-24
|l 0
|o 354.5492 MED
|p 3010021379
|r 2010-10-24
|t 1
|w 2010-10-24
|y BK
|